000 00339nam a2200145Ia 4500
008 230718s9999 xx 000 0 und d
041 _aEng.
082 _a338.521
_bAFG-T
100 _aAfghanig Mesud
245 4 _aThe Sale of Goods Ace of
260 _aPakistan
_bLahore law times
_c2003
300 _a47
650 _aLaw
999 _c28901
_d28901